Fiscalización legislativa y presupuesto : (Registro nro. 5222)

Detalles MARC
000 -LEADER
fixed length control field 01385nam a2200337Ia 4500
003 - CONTROL NUMBER IDENTIFIER
control field OSt
005 - DATE AND TIME OF LATEST TRANSACTION
control field 20200514232259.0
008 - FIXED-LENGTH DATA ELEMENTS--GENERAL INFORMATION
fixed length control field 191128s2009 ck a gr 000 0 spa d
020 ## - INTERNATIONAL STANDARD BOOK NUMBER
International Standard Book Number 9789588307664
040 ## - CATALOGING SOURCE
Original cataloging agency CO-JMCR
Transcribing agency CO-JMCR
041 1# - LANGUAGE CODE
Language code of text/sound track or separate title spa
Language code of original eng
082 04 - DEWEY DECIMAL CLASSIFICATION NUMBER
Classification number 328.3413 /
Item number S793f
Edition number 23
100 1# - MAIN ENTRY--PERSONAL NAME
Personal name Stapenhurst, Rick,
Relator term editor
9 (RLIN) 4370
245 10 - TITLE STATEMENT
Title Fiscalización legislativa y presupuesto :
Remainder of title una perspectiva mundial /
Statement of responsibility, etc. Rick Stapenhurst, Riccardo Pelisso y David M. Olson editores [y otros] ; traducción al castellano Ignacio Caviedes H.
250 ## - EDITION STATEMENT
Edition statement Primera edición
260 ## - PUBLICATION, DISTRIBUTION, ETC.
Place of publication, distribution, etc. Bogotá :
Name of publisher, distributor, etc. Banco Mundial : Mayol,
Date of publication, distribution, etc. 2009
300 ## - PHYSICAL DESCRIPTION
Extent xix, 360 páginas :
Other physical details ilustraciones a blanco y negro ;
Dimensions 23 cm.
490 0# - SERIES STATEMENT
Series statement Estudios del Instituto del Banco Mundial sobre desarrollo
505 0# - FORMATTED CONTENTS NOTE
Formatted contents note Panorama general -- La fiscalización y el proceso de presupuesto -- Estudios de países
534 ## - ORIGINAL VERSION NOTE
Introductory phrase Legislativer oversight and budgeting. A world perspective
546 ## - LANGUAGE NOTE
Language note Traducido del inglés
650 14 - SUBJECT ADDED ENTRY--TOPICAL TERM
Topical term or geographic name entry element Presupuesto público
9 (RLIN) 4371
650 14 - SUBJECT ADDED ENTRY--TOPICAL TERM
Topical term or geographic name entry element Proceso presupuestal
9 (RLIN) 4372
650 14 - SUBJECT ADDED ENTRY--TOPICAL TERM
Topical term or geographic name entry element Fiscalización
9 (RLIN) 4373
650 14 - SUBJECT ADDED ENTRY--TOPICAL TERM
Topical term or geographic name entry element Control presupuestal
9 (RLIN) 4374
650 14 - SUBJECT ADDED ENTRY--TOPICAL TERM
Topical term or geographic name entry element Auditoría fiscal
9 (RLIN) 4375
700 1# - ADDED ENTRY--PERSONAL NAME
Personal name Pelisso, Riccardo,
Relator term editor
9 (RLIN) 4376
700 1# - ADDED ENTRY--PERSONAL NAME
Personal name Olson, David M.,
Relator term editor
9 (RLIN) 4377
700 1# - ADDED ENTRY--PERSONAL NAME
Personal name Caviedes H., Ignacio,
Relator term traductor
9 (RLIN) 4378
942 ## - ADDED ENTRY ELEMENTS (KOHA)
Source of classification or shelving scheme Dewey Decimal Classification
Koha item type Books
Existencias
Withdrawn status Lost status Source of classification or shelving scheme Damaged status Not for loan Collection code Home library Current library Date acquired Source of acquisition Cost, normal purchase price Total Checkouts Full call number Barcode Date last seen Copy number Koha item type
    Dewey Decimal Classification     Non-fiction Biblioteca Pública José María del Castillo y Rada Biblioteca Pública José María del Castillo y Rada 04/15/2018 Donación 0.00   328.3413 / S793f 430001646 05/16/2024 Ej.1 Books